Brno, významné centrum československého průmyslu : [sborník /
| Korporativní autor: | Galerie Dílo (Brno, Česko) |
|---|---|
| Další autoři: | Chlup, Zdeněk, 1921-2002 |
| Jazyk: | Ruština Němčina Francouzština Čeština Angličtina |
| Vydáno: |
Brno : Národní výbor města Brna, 1970 |
| Vydání: | 1. vyd. |
| Fyzický popis: |
364 s., obr. příl. : il., mapy ; 27 cm |
| Language note: |
Souběžný anglický, francouzský, německý a ruský text |
|
| LEADER | 01410nam a22003252a 4500 | ||
|---|---|---|---|
| 001 | 000483750 | ||
| 003 | CZ BrMZK | ||
| 005 | 20201021111446.0 | ||
| 007 | ta | ||
| 008 | 000105s1970 xr abf f cze d | ||
| 015 | |a cnb000427821 | ||
| 035 | |a (OCoLC)42160118 | ||
| 040 | |a ABA001 |b cze |c ULG001 |d ABA001 |d BOA001 | ||
| 041 | 1 | |a cze |a eng |a fre |a ger |a rus |h cze | |
| 080 | 9 | |a 338.45(437.2 Brno) (091)"17/19" = 20 = 40 = 30 = 82 | |
| 245 | 0 | 0 | |a Brno, významné centrum československého průmyslu : |b [sborník / |c předmluva:] Zdeněk Chlup |
| 250 | |a 1. vyd. | ||
| 260 | |a Brno : |b Národní výbor města Brna, |c 1970 | ||
| 300 | |a 364 s., obr. příl. : |b il., mapy ; |c 27 cm | ||
| 500 | |a Seznam ústavů a závodů | ||
| 500 | |a 50000 výt. | ||
| 504 | |a Obsahuje bibliografii | ||
| 546 | |a Souběžný anglický, francouzský, německý a ruský text | ||
| 550 | |a Vydavatel: Útvar hl. architekta města Brna, Městský svaz architektů, Český fond výtvarných umění - Dílo Brno, brněnské průmyslové závody | ||
| 700 | 1 | |a Chlup, Zdeněk, |d 1921-2002 |7 ola200201707 |4 wfw | |
| 710 | 2 | |a Galerie Dílo (Brno, Česko) |7 mzk2006357891 | |
| 910 | |a BOA001 |b 3-0651.748 |b 3-0642.324 | ||
| 990 | |a BK | ||
| 996 | 6 | |b 2619753432 |c 3-0651.748 |l MZK |r Sklad / do 1 hodiny |n 23 |w 000483750 |u 000010 |a 1 |e BOA001 |j MZK50 |s P | |
| 996 | 6 | |b 2619967095 |c 3-0642.324 |l MZK |r Sklad / do 1 hodiny |n 17 |w 000483750 |u 000020 |a 1 |e BOA001 |j MZK50 |s P | |
English
Čeština 